| 000 | 00591nam a22001817a 4500 | ||
|---|---|---|---|
| 003 | 0 | ||
| 005 | 20240812134232.0 | ||
| 008 | 240812b xxu||||| |||| 00| 0 eng d | ||
| 020 | _a978-1-265-10542-6 | ||
| 050 |
_aHG 179 _b.P47 2023 |
||
| 245 |
_aPersonal finance _cJack R. Kapoor [and three others] |
||
| 250 | _aFourteenth edition | ||
| 260 |
_aNew York _bMcGraw Hill LLC _c2023 |
||
| 300 |
_axliii, 850 pages : _bcolored illustrations and pictures ; _c27cm. |
||
| 504 | _aIncludes bibliographical references, glossary, and index. | ||
| 650 | _aFinance, Personal. | ||
| 942 |
_2lcc _cBK |
||
| 999 |
_c366090 _d366090 |
||